000 00704nam a22002057a 4500
003 SISC
005 20170529103504.0
008 170529b xxu||||| |||| 00| 0 eng d
020 _a9782940411993
050 _aQA 76.9.U83
_b.W658 2014
100 _aWood, David.
245 _aInterface design :
_ban introduction to visual communication in UI design /
_cDavid Wood.
260 _aNew York :
_bBloomsbury,
_c2014.
300 _a191 pages :
_bcolor illustrations ;
_c23 cm.
500 _aIncludes glossary and index.
650 _aUser interfaces (Computer systems) -- Design -- Case studies.
650 _aComputer programmers.
650 _aComputer programmers -- Interviews.
942 _2lcc
_cBK
999 _c335179
_d335179